World Capitals Starting With S (with a semi-empty map) - Statistics

General Stats
  • This quiz has been taken 486 times
  • The average score is 191 of 196
Answers on the Map
Answers color-coded by a green-red scale on the quiz's map according to % correct below.
 
Answer Stats
capital % Correct
x
100%
Santiago
92%
Stockholm
92%
Seoul
87%
San Salvador
83%
San José
79%
San Marino
78%
Sarajevo
78%
Santo Domingo
77%
Singapore
77%
Sofia
77%
Sucre
73%
Suva
73%
Saint George's
66%
Saint John's
66%
Sana'a
66%
Skopje
66%
São Tomé
64%
Sri Jayawardenapura Kotte
58%
South Tarawa
32%
No matching quizzes found
Score Distribution
Percent of People with Each Score
Percentile by Number Answered
Your Score History
You have not taken this quiz